00629nam a2200229Ia 4500008004100000020001800041050001500059050001800074100002100092245002200113245008500135245002000220260001700240260001800257260000900275300001600284300001100300500002000311650002300331650002400354650002100378180523s9999 xx 000 0 und d a1-56414-700-2 aMAIN HD 69 b.S25 2004 c.1 aSalmon, Michael. 0aSuperNetworking : 0breach the right people, build your career network, and land your dream job-now!  0cMichael Salmon. aNew Jersey : bCareer Press, c2004 a254 pages : c21 cm. aIncludes index. aBusiness networks. aCareer development. xSocial networks.